Iniciación en el análisis estructural /

Cuadernos bíblicos es una colección que traduce los Cahiers Evangile, revista monográfica trimestral publicada por Editions du Cerf, que dirige el Service Biblique Evangile et Vie en Francia. Las ediciones francesa y española difieren en la numeración de los volúmenes, pero no en contenido; la edici...

Celý popis

Uloženo v:
Podrobná bibliografie
Další autoři: Charpentier, Etienne (autor) (autor)
Médium: Kniha
Jazyk:španělština
Vydáno: Estella, España : Verbo Divino, 1980, c1978
Vydání:2a edición
Edice:(Cuadernos Bíblicos ; 14)
Témata:
Tagy: Přidat tag
Žádné tagy, Buďte první, kdo vytvoří štítek k tomuto záznamu!

MARC

LEADER 00000nam^a2200000^a^4500
001 000117080
005 20250521000000.0
009 20260310094154.127
020 |a 84-7151-220-3 
037 |a Acervo ITESO - Biblioteca 
041 |a ESP 
082 |a 220.  |b CUA V. 14 
245 0 0 |a Iniciación en el análisis estructural /  |c E. Charpentier... [et al.] ; tr. por Jesús Pérez Alija. 
250 |a 2a edición 
264 4 |a Estella, España :  |b Verbo Divino,  |c 1980, c1978 
300 |a 58 p. 
336 |a texto  |b txt  |2 rdacontenido 
337 |a sin mediación  |b n  |2 rdamedio 
338 |a volumen  |b nc  |2 rdasoporte 
440 1 |a (Cuadernos Bíblicos ;  |v 14) 
500 |a Traducción de: Una initiation à l'analyse structurale 
520 |a Cuadernos bíblicos es una colección que traduce los Cahiers Evangile, revista monográfica trimestral publicada por Editions du Cerf, que dirige el Service Biblique Evangile et Vie en Francia. Las ediciones francesa y española difieren en la numeración de los volúmenes, pero no en contenido; la edición española publica cada volumen como libro independiente, solo que los agrupa en la colección. Se abordan temas sobre exégesis o hermenéutica bíblica, sobre temas transversales en diversos libros bíblicos, sobre los libros de la Sagrada Escritura en bloque o en particular, sobre el mundo de la biblia, sobre escritos apócrifos o que ayudan a una mejor comprensión de la Biblia, etc. 
520 |a En el presente cuaderno se da una introducción general al método del análisis estructural que, aunque éste abarca el ámbito artístico, etnológico y literario, el presente estudio toma solamente las enseñanzas de los expertos en el campo literario. La búsqueda del sentido de los textos ayuda a su comprensión y, por supuesto, ayuda a entender mejor la Biblia. 
649 |a XX 
650 |a Biblia -  |x Historia y Crítica -  |x Tema Principal 
650 |a Biblia -  |x Hermenéutica 
650 |a Sintaxis Estructural 
650 |a Semiótica Estructural 
650 |a Lingüística Estructural 
650 |a Lingüística 
650 |a Cristianismo 
650 |a Religión 
700 |a Charpentier, Etienne  |e (autor) 
910 |a Fondo General 
920 |a Impresos - Libros 
930 |a Colección General 
905 |a 101 
901 |a 0500050199  |b IT1  |c ACC  |u 20250521 
902 |a https://opac.biblio.iteso.mx/vufind/Record/000117080